000 01470nam a2200265Ia 4500
999 _c52588
_d52588
001 19612
003 GE_BSU
005 20200310153948.0
008 181216s1956||||ge |||||||||||||| ||geo||
040 _cGE_BSU
041 _ageo
080 _a811.353.367 ს-36
245 _aსახელის ბრუნების ისტორიისათვის ქართველურ ენებში = К истории склонения имен в картвельских языках /
_b წიგნი I :
_cრედ. ვ. თოფურია.
264 _aთბილისი :
_bსახელმწიფო უნივერსიტეტის გამ–ბა,
_c1956.
300 _a478 გვ.;
_c 22 სმ.
490 _aახალი ქართული ენის კათედრის შრომები :
_v1
541 _h2ლ.84თ.
653 _aქართველური ენები
653 _aმორფოლოგია
653 _aსახელის ბრუნება
700 _aთოფურია, ვ.
_eრედაქტორი
_91040
710 _aსსრ კავშირის უმაღლესი განათლების სამინისტრო
_97702
710 _aსტალინის სახელობის თბილისის სახელმწიფო უნივერსიტეტი
_93795
942 _cBK
_2udc